Capitals of Europe in 1815 - Statistics

General Stats
  • This quiz has been taken 562 times
    393 since last reset
  • The average score is 44 of 69
Answer Stats
Country City % Correct
France Paris
98%
Austria Vienna
97%
Denmark Copenhagen
95%
Frankfurt Frankfurt am Main
95%
Hamburg Hamburg
95%
Monaco Monaco
95%
Netherlands Amsterdam
94%
Switzerland Bern
94%
Naples Naples
94%
Prussia Berlin
93%
Luxembourg Luxembourg
93%
Norway Christiania
92%
Cracow Cracow
92%
Bavaria Munich
92%
Spain Madrid
91%
Papal States Rome
91%
Russia Saint Petersburg
91%
Ottoman Empire Constantinople
90%
Hanover Hanover
90%
United Kingdom London
90%
Bremen Bremen
88%
San Marino San Marino
87%
Sweden Stockholm
87%
Liechtenstein Vaduz
86%
Andorra Andorra la Vella
85%
Lübeck Lübeck
83%
Parma Parma
81%
Oldenburg Oldenburg
74%
Tuscany Florence
73%
Modena and Reggio Modena
73%
Brunswick Brunswick
72%
Sicily Palermo
72%
Mecklenburg-Schwerin Schwerin
72%
Anhalt-Dessau Dessau
70%
Massa and Carrara Massa
70%
Hesse-Homburg Bad Homburg
69%
Saxony Dresden
69%
Anhalt-Köthen Köthen
68%
Anhalt-Bernburg Bernburg
67%
Hohenzollern-Hechingen Hechingen
67%
Hohenzollern-Sigmaringen Sigmaringen
66%
Reuss-Ebersdorf Ebersdorf
65%
Reuss-Lobenstein Neundorf bei Lobenstein
64%
Württemberg Stuttgart
64%
Cospaia Cospaia
62%
Saxe-Meiningen Meiningen
59%
Saxe-Hildburghausen Hildburghausen
57%
Schwarzburg-Rudolstadt Rudolstadt
57%
Saxe-Coburg-Saalfeld Coburg
54%
Saxe-Gotha-Altenburg Gotha
53%
Saxe-Weimar-Eisenach Weimar
52%
Schwarzburg-Sondershausen Sondershausen
49%
Sardinia Turin
49%
Netherlands Brussels
42%
Portugal Rio de Janeiro
40%
Baden Karlsruhe
35%
Hesse (Electorate) Kassel
35%
Hesse (Grand Duchy) Darmstadt
30%
Montenegro Cetinje
20%
Reuss Junior Line Gera
16%
Mecklenburg-Strelitz Neustrelitz
13%
Reuss Elder Line Greiz
12%
Lippe Detmold
11%
Couto Misto Santiago de Rubiás
6%
Holstein Glückstadt
5%
Waldeck-Pyrmont Arolsen
4%
Schaumburg-Lippe Bückeburg
4%
Saxe-Lauenburg Ratzeburg
4%
Nassau Weilburg
3%
No matching quizzes found
Score Distribution
Percent of People with Each Score
Percentile by Number Answered
Your Score History
You have not taken this quiz since the last reset